| 000 | 01504nam0a22002291 4500 | ||
|---|---|---|---|
| 001 | rc\3158855 | ||
| 005 | 20250530065321.0 | ||
| 021 |
_aRU _b76-95606 |
||
| 035 | _a(NLR Aleph) 007280178 | ||
| 090 |
_a5501034 _c5501034 |
||
| 100 | _a20120615d1976 |||y0rusy50 ca | ||
| 101 | 0 | _arus | |
| 102 | _aRU | ||
| 105 | _ay z ||||| | ||
| 200 | 1 |
_aТезисы докладов _eСекция 1- _fНауч. совет по комплексной проблеме. "Экон. соревнование двух систем". (Комис. по непроизв. сфере и услугам) АН СССР. Львов. обком КП Украины. МГУ им. М.В. Ломоносова. Совет по изучению производит. сил УССР АН УССР. Львов. отд-ние Ин-та экономики АН УССР. Львов. торг.-экон. ин-т. Всесоюз. науч. конф. "Соц.-экон. проблемы непоризв. сферы и услуг в свете решений XXV съезда КПСС". 16-18 нояб. 1976 г. |
|
| 210 |
_aЛьвов _cБ. и. _d1976 |
||
| 710 | 1 | 2 | _a"Социально-экономические проблемы непроизводственной сферы и услуг в свете решений XXV съезда КПСС", всесоюзная науч. конференция (1976; Львов) |
| 801 | 0 |
_aRU _bNLR _gpsbo |
|
| 801 | 1 |
_aRU _bELAR _2rusmarc |
|
| 852 |
_aNLR _j77-3/4249 |
||
| 942 | _cBOOK | ||
| 980 | _aNB | ||